000 00380 a2200145 4500
001 167633
020 _a
040 _cMagnum
100 _aSantos, Edmilson Santos Dos (Org)
240 1 0 _aEducacao fisica escolar: por uma cultura desportiva
_lpor
245 1 0 _aEducacao fisica escolar: por uma cultura desportiva
362 0 _a1899
697 _aEDUCACAO FISICA
942 _cBK
999 _c167633
_d167633